Top 111 beliebtesten Vornamen der 1920er - Statistiken

Allgemein
  • Dieses Quiz wurde 40 mal gespielt
  • Das Durchschnittsergebnis liegt bei 64 aus 111
Antwortstatistiken
📍 Vorname % Korrekt
An.a ♀️ Anna
96%
An..m.r.e ♀️ Annemarie
89%
B.u.o ♂️ Bruno
85%
A.b..t ♂️ Albert
81%
A.f..d ♂️ Alfred
81%
B.r.h..d ♂️ Bernhard
81%
H.n..l..e ♀️ Hannelore
81%
J.h..n ♂️ Johann
78%
El.s.b..h ♀️ Elisabeth
74%
El.i ♀️ Elli
74%
Ha.s ♂️ Hans
74%
Ka.l ♂️ Karl
74%
An..l.e.e ♀️ Anneliese
70%
B.t.y ♀️ Betty
70%
C.a.l.t.e ♀️ Charlotte
70%
E.a ♀️ Eva
70%
H.i.z ♂️ Heinz
70%
In.e ♀️ Inge
70%
J.s.f ♂️ Josef
70%
E.w.n ♂️ Erwin
67%
F.a.z ♂️ Franz
67%
F.i.d.i.h ♂️ Friedrich
67%
F.i.z ♂️ Fritz
67%
G.o.g ♂️ Georg
67%
Gü.t..r ♂️ Günther
67%
He.w.g ♀️ Hedwig
67%
Hi.d.g..d ♀️ Hildegard
67%
I.g.b..g ♀️ Ingeborg
67%
I.g..u.g ♀️ Ingeburg
67%
I.e.e ♀️ Irene
67%
J.h.n.a ♀️ Johanna
67%
Ma.y ♀️ Mary
67%
M.x ♂️ Max
67%
R.c.a.d ♂️ Richard
67%
Wa.t.r ♂️ Walter
67%
Wi.h..m ♂️ Wilhelm
67%
D.r.s ♀️ Doris
63%
E.i.h ♀️ Edith
63%
E.i.a ♀️ Erika
63%
Ge.d ♂️ Gerd
63%
Ge.h..d ♂️ Gerhard
63%
G.s..a ♀️ Gisela
63%
H.i.r..h ♂️ Heinrich
63%
He.m.t ♂️ Helmut
63%
He.b..t ♂️ Herbert
63%
He.m..n ♂️ Hermann
63%
J.h.n..s ♂️ Johannes
63%
Li.s.l.t.e ♀️ Lieselotte
63%
M.r.a ♀️ Maria
63%
P.t.r ♂️ Peter
63%
Ro.f ♂️ Rolf
63%
R.d..f ♂️ Rudolf
63%
We.n.r ♂️ Werner
63%
W.l.i ♂️ Willi
63%
Fr.d.r..k ♂️ Frederick
59%
H.r.y ♂️ Harry
59%
Il.e ♀️ Ilse
59%
Jü.g.n ♂️ Jürgen
59%
Ot.o ♂️ Otto
59%
Pa.l ♂️ Paul
59%
R.b..t ♂️ Robert
59%
U.s..a ♀️ Ursula
59%
An.i ♀️ Anni
56%
Er.a ♀️ Erna
56%
Ge.t..d ♀️ Gertrud
56%
H.r..d ♂️ Harald
56%
Ma.f..d ♂️ Manfred
56%
Th.m.s ♂️ Thomas
56%
W.l.g..g ♂️ Wolfgang
56%
C.r..t.l ♀️ Christel
52%
E.f..e.e ♀️ Elfriede
52%
El.e ♀️ Else
52%
Jo.n ♂️ John
52%
Ku.t ♂️ Kurt
52%
Ma.g.r..e ♀️ Margarete
52%
Wa.t.a.d ♀️ Waltraud
52%
G.r.a ♀️ Gerda
48%
H.r.t ♂️ Horst
48%
J.m.s ♂️ James
48%
Ma.g.t ♀️ Margot
48%
Ma.t.a ♀️ Martha
48%
R.n..e ♀️ Renate
48%
S.e.f.i.d ♂️ Siegfried
48%
C.r.s.a ♀️ Christa
44%
E.i.h ♂️ Erich
44%
Fr.e.a ♀️ Frieda
44%
J.a.h.m ♂️ Joachim
44%
K.t.e ♀️ Käthe
44%
Li.a ♀️ Lisa
44%
L.t.e ♀️ Lotte
44%
Ru.h ♀️ Ruth
44%
C.r.a ♀️ Carla
41%
D.r.t.y ♀️ Dorothy
41%
Eg.n ♂️ Egon
41%
E.n.t ♂️ Ernst
41%
H.l..e ♀️ Helene
41%
He.t.a ♀️ Hertha
41%
Ir.a ♀️ Irma
41%
K.t.l..n ♀️ Kathleen
41%
L.t..r ♂️ Lothar
41%
M.r.a..e ♀️ Marianne
41%
Jo.n ♀️ Joan
37%
J.y.e ♀️ Joyce
37%
L.i.e ♀️ Luise
37%
M.g..s ♂️ Magnus
37%
W.l.i.m ♂️ William
33%
H.l.a ♀️ Helga
30%
Ir.g..d ♀️ Irmgard
30%
R.n..d ♂️ Ronald
26%
E.l..n ♀️ Eileen
22%
K.n.e.h ♂️ Kenneth
22%
Keine übereinstimmenden Quizze gefunden
Verteilung der Resultate
Anzahl Personen mit jedem Resultat
Perzentil nach korrekt beantworteten Fragen
Ihre Resultats-Entwicklung
Sie haben dieses Quiz noch nicht gespielt